000
00296nam a2200133Ia 4500
008
221030s9999 xx 000 0 und d
041
_a
English
082
_a
105.23
100
_a
Sushant Gulati/228
245
0
_a
ARTIFICAL LIFE
260
_a
Jalandhar
_c
2001
650
_a
Computers
942
_c
TH
999
_c
5279
_d
5279